000 00268 a2200109 4500
245 _aA guide to conducting research
_b : a student handbook
_hText
020 _a9781681810874
100 _aMAGWA SIMUFOROSA
100 _aMAGWA WISEMAN
005 20191021112940.0
260 _c2015
084 _aNONE
999 _c13343
_d13343